00612nam a22002417a 4500003000500000005001700005008004100022010000900063011000900072035000900081040000900090082001500099100003000114245002200144260004500166300001900211490003900230500001100269650002100280650001200301700001800313830003900331CHAP20220329133220.0971013s1988 r 00010 d a3492 a4464 a3667 cCHAP a589.2bH3400aHawksworth, David Leslie. aFilamentous fungi aCambridge :bCambridge University,c1988 a209 p.b: ilus aLiving resources for biotechnology aD50-6014aBiotecnología.14aHongos.0 aKirsop, B. E.0 aLiving resources for biotechnology